Church in the round : feminist interpretation of the church /

Bibliographic Details
Main Author: Russell, Letty M.
Corporate Author: NetLibrary, Inc
Format: eBook
Language:English
Published: Louisville, Ky. : Westminster/J. Knox Press, [1993]
Edition:1st ed.
Subjects:
Online Access:Connect to the full text of this electronic book

MARC

Tag First Indicator Second Indicator Subfields
LEADER 00000cam a2200000La 4500
001 in00001746921
005 20220105121646.0
006 m u
007 cr cn-
008 001009s1993 kyu sb 001 0 eng d
010 |z  93009306  
020 |a 0585288852 (electronic bk.) :  |c $19.95 
020 |z 066425070X (pbk. : recycled, alk. paper) 
035 |a (OCoLC)ocm45731940 
040 |a N$T  |c N$T  |d OCL  |d UtOrBLW 
049 |a IKMN 
050 1 4 |a BV600.2  |b .R867 1993eb 
082 0 4 |a 262/.0082  |2 20 
100 1 |a Russell, Letty M.  |0 http://id.loc.gov/authorities/names/n81042161 
245 1 0 |a Church in the round :  |b feminist interpretation of the church /  |c Letty M. Russell. 
250 |a 1st ed. 
264 1 |a Louisville, Ky. :  |b Westminster/J. Knox Press,  |c [1993] 
264 4 |c ©1993 
300 |a 253 pages ;  |c 23 cm. 
336 |a text  |b txt  |2 rdacontent 
337 |a computer  |b c  |2 rdamedia 
338 |a online resource  |b cr  |2 rdacarrier 
504 |a Includes bibliographical references (pages 241-243) and indexes. 
533 |a Electronic reproduction.  |b Boulder, Colo. :  |c NetLibrary,  |d 2000.  |n Available via World Wide Web.  |n Access may be limited to NetLibrary affiliated libraries. 
500 |a Electronic resource. 
650 0 |a Church.  |0 http://id.loc.gov/authorities/subjects/sh85025502 
650 0 |a Women in Christianity.  |0 http://id.loc.gov/authorities/subjects/sh85147562 
650 0 |a Feminist theology.  |0 http://id.loc.gov/authorities/subjects/sh88003717 
655 7 |a Electronic books.  |2 local 
710 2 |a NetLibrary, Inc.  |0 http://id.loc.gov/authorities/names/no99080690 
776 1 |c Original  |w (DLC) 93009306  |w (OCoLC)27432428 
856 4 1 |u https://proxy.library.tamu.edu/login?url=http://www.netLibrary.com/urlapi.asp?action=summary&v=1&bookid=41266  |z Connect to the full text of this electronic book  |t 0 
994 |a 92  |b IKM 
999 |a MARS 
999 f f |s 3ec84389-c7b2-3a28-9941-59e5d3300e91  |i d29d0b5d-5937-3c33-97e0-9ac885299a9d  |t 0 
952 f f |a Texas A&M University  |b College Station  |c Electronic Resources  |d Available Online  |t 0  |e BV600.2 .R867 1993eb  |h Library of Congress classification 
998 f f |a BV600.2 .R867 1993eb  |t 0  |l Available Online